Peyote paraphernalia /

Bibliographic Details
Main Author: Fintzelberg, Nicholas M.
Corporate Author: San Diego Museum of Man
Format: Book
Language:English
Published: San Diego, Calif. : San Diego Museum of Man, 1969.
Series:Ethnic technology notes ; no. 4.
Subjects:

MARC

Tag First Indicator Second Indicator Subfields
LEADER 00000cam a2200000 4500
001 in00000020848
005 20151007055510.0
008 701110s1969 caua b 00010 eng
010 |a  77016499  
035 |a (OCoLC)00105892 
035 |9 AAB8414AM 
040 |a DLC  |c DLC  |d m.c.  |d TXA  |d UtOrBLW 
049 |a TXAM  |c [1185497] 
050 0 0 |a E78.C15  |b E8 no. 4 
082 0 |a 390/.008 s 
100 1 |a Fintzelberg, Nicholas M. 
245 1 0 |a Peyote paraphernalia /  |c by Nicholas M. Fintzelberg. 
264 1 |a San Diego, Calif. :  |b San Diego Museum of Man,  |c 1969. 
300 |a 9 leaves :  |b illustrations ;  |c 28 cm. 
336 |a text  |b txt  |2 rdacontent 
337 |a unmediated  |b n  |2 rdamedia 
338 |a volume  |b nc  |2 rdacarrier 
490 1 |a Ethnic technology notes ;  |v no. 4 
504 |a Bibliography: leaf 6. 
650 0 |a Peyotism. 
710 2 |a San Diego Museum of Man. 
830 0 |a Ethnic technology notes ;  |v no. 4. 
999 |a MARS 
999 f f |s cda8bbcf-8839-33c1-9d1e-9bf3ff89169d  |i 44facc7d-bb71-30f9-a680-81794e0fb9d7  |t 0 
952 f f |p ric  |a Texas A&M University  |b Rellis Campus  |c Joint Library Facility  |d Remote Storage  |t 0  |e E78.C15 E8 no.4  |h Library of Congress classification  |i unmediated -- volume  |m A14808311004 
998 f f |a E78.C15 E8 no.4  |t 0  |l Remote Storage